| 000 | 00367cam a22001457a 4500 | ||
|---|---|---|---|
| 008 | 180718b1952 xxu||||| |||| 00| 0 eng d | ||
| 082 | _aJ2 D355 | ||
| 100 | _aCastro, Josue de | ||
| 245 |
_aGeography of hunger _cby Josue de Castro |
||
| 260 |
_aLondon _bVictor Gollancz _c1952 |
||
| 300 | _a288p. | ||
| 650 | _aHunger | ||
| 650 | _aFood supply | ||
| 650 | _aNutrition | ||
| 999 |
_c437776 _d437776 |
||